|
|
|
|
| LEADER |
01661cam a2200349 7i4500 |
| 001 |
0000034497 |
| 005 |
20170815090000.0 |
| 006 |
## mgq z f |
| 007 |
##cc cg# auaap |
| 008 |
170815 |
| 090 |
0 |
0 |
|a PHOT 210.01 M 2017 (DVD)
|
| 100 |
1 |
# |
|a Syam Irma Mohd Sham
|e Project Officer
|
| 245 |
1 |
0 |
|a Technical Seminar for<U+000D><U+000A>Wire & Cable Industries in Malaysia: :
|b In<U+000D><U+000A>cooperation with wire Southeast Asia 2017 (4 July 2017:Perdana Hall, MATRADE, Kuala Lumpur)
|c Syam Irma Mohd Sham.
|
| 264 |
3 |
0 |
|a Kuala Lumpur:
|b MATRADE,
|c 2017.
|
| 300 |
# |
# |
|a 1 DVD-RW (192 photographs):
|b illustration, color;
|c 4 <U+00BE> in..
|
| 336 |
# |
# |
|a still image
|b sti
|2 rdacontent
|
| 337 |
# |
# |
|a computer
|b c
|2 rdamedia
|
| 338 |
# |
# |
|a computer disc
|b cd
|2 rdacarrier
|
| 347 |
# |
# |
|a image file
|b JPEG
|2 rda
|
| 600 |
0 |
0 |
|a Raja Badrulnizam Raja Kamalzaman, YM
|
| 600 |
0 |
0 |
|a Abdul Razak Bin Abdul, Dato' Dr.
|e President of Malaysian Cable Manufacturers Association
|
| 600 |
1 |
0 |
|a Ringling, Gernot
|e Managing Director Messe Duesseldorf Asia Pte Ltd
|
| 600 |
1 |
0 |
|a Eichelmenn, K.
|e CEO Wire & Cable Group
|
| 600 |
1 |
0 |
|a Lohmueller, B.
|e Executive Vice President Sales & Marketing
|
| 600 |
1 |
0 |
|a Casanovas, A.
|e Managing Directors Esteves-DWD Shanghai
|
| 600 |
1 |
0 |
|a Eder, K.G., Dr.
|e CEO/President EDER Emgireering GmnH
|
| 600 |
1 |
0 |
|a Gerger, D.
|e Sales Manager Rosendahl Nextrom
|
| 600 |
1 |
0 |
|a Schalich, C.
|e Sales Manager of Sikora
|
| 610 |
2 |
0 |
|a Malaysian Cable Manufacturers Association
|
| 610 |
2 |
0 |
|a Messe Duesseldorf Asia Pte Ltd
|
| 650 |
1 |
0 |
|a MATRADE --
|x Photograph Collections --
|y 2017
|
| 999 |
|
|
|a PC00001686
|b Photographs
|c Photographs
|e Business Information Centre
|